[Event "WCh w Blitz Semi-Final"]
[Site "Moscow RUS"]
[Date "2010.09.15"]
[Round "10"]
[White "Ambartsumova,K"]
[Black "Pogonina,N"]
[Result "0-1"]
[WhiteElo "2302"]
[BlackElo "2491"]

1.e4 e5 2.Nf3 Nc6 3.Bb5 a6 4.Ba4 Nf6 5.O-O b5 6.Bb3 Be7 7.Re1 O-O 8.h3 d6
9.c3 Bb7 10.d4 Nd7 11.d5 Na5 12.Bc2 c6 13.dxc6 Bxc6 14.Nbd2 Qc7 15.Nf1 Rfe8
16.Ne3 g6 17.b4 Nc4 18.Nxc4 bxc4 19.a4 Nf8 20.Qe2 Bb7 21.Be3 Ne6 22.Nd2 Rac8
23.a5 Nf4 24.Bxf4 exf4 25.Qg4 Bf6 26.Ra3 Be5 27.Bb1 Qe7 28.Qd1 Qf6 29.Qc2 d5
30.exd5 Bxd5 31.f3 Qh4 32.Rf1 Bb8 33.Ne4 Bxe4 34.fxe4 Ba7+ 35.Kh1 Rcd8 36.Qe2 Re7
37.Qf3 Be3 38.Ra2 Red7 39.b5 axb5 40.a6 Rd2 41.e5 Rxa2 42.Bxa2 Qe7 43.Bb1 Qxe5
44.Qb7 Qxc3 45.Be4 Qd4 46.Bf3 c3 47.Qc7 Rf8 48.Rd1 Qc5 49.Qxc5 Bxc5 50.Be4 b4
51.Bc2 Rb8 52.Bb3 Kf8 53.Rd5 Be3 54.Rd7 Rc8 55.Rxf7+ Ke8 56.a7 c2 57.Rc7 c1=Q+
58.Rxc1 Rxc1+  0-1

[Event "Open"]
[Site "Livigno ITA"]
[Date "2010.09.16"]
[Round "7"]
[White "Yudkovsky,Y"]
[Black "Arnaudov,G"]
[Result "0-1"]
[WhiteElo "2315"]
[BlackElo "2442"]

1.e4 e5 2.Nf3 Nc6 3.Bb5 a6 4.Ba4 Nf6 5.O-O Be7 6.Re1 b5 7.Bb3 d6 8.c3 O-O
9.h3 Bb7 10.d4 Nd7 11.Nbd2 exd4 12.cxd4 Bf6 13.Nf1 Re8 14.Ng3 Na5 15.Bc2 g6
16.Rb1 c5 17.d5 Nc4 18.b3 Ncb6 19.Bf4 Ne5 20.Nh2 b4 21.Be3 Bg7 22.f4 Ned7
23.Qf3 Rc8 24.Rbd1 c4 25.e5 dxe5 26.f5 e4 27.Bxe4 Nf6 28.Bg5 cxb3 29.axb3 Rc3
30.Qf4 Nbxd5 31.Qh4 Qb6+ 32.Kh1 Qf2 33.Nf3 Nxe4 34.Rxe4 Rxe4 35.Nxe4 Qxh4
36.Bxh4 Rc2 37.f6 Bf8 38.Rd4 Ne3 39.Nd6 Rc1+ 40.Kh2 Nf1+ 41.Kg1 Nd2+ 42.Kf2 Nxb3
43.Rxb4 Rc2+ 44.Ke3 Rc3+ 45.Kf2 Bxf3 46.Rb8 Bd5 47.Bg5 Nc5 48.Bh6 Nd7 49.Rd8 a5
50.Nc8 Rxc8 51.Rxc8 a4 52.Rd8 Bc6 53.Rc8 a3 54.Bxf8 Bb7 55.Rd8 Nxf8 56.Rd2 h6
57.h4 Be4 58.Ra2 Nd7 59.Rxa3 Nxf6 60.Ra5 Kg7 61.Rb5 Ng4+ 62.Kg3 Ne3 63.Kf4 Bc6
64.Rc5 Nxg2+ 65.Kg3 Be4 66.Re5 f5 67.Re6 f4+ 68.Kf2 Bf5 69.Rb6 Nxh4 70.Kg1 g5
71.Rb7+  0-1

[Event "EYCC Boys U12"]
[Site "Batumi GEO"]
[Date "2010.09.22"]
[Round "3"]
[White "Ghvamberia,N"]
[Black "Mihajlov,Sebastian"]
[Result "1-0"]
[WhiteElo "1752"]
[BlackElo "1886"]

1.e4 e5 2.Nf3 Nc6 3.Bb5 a6 4.Ba4 Nf6 5.O-O Be7 6.Re1 b5 7.Bb3 d6 8.c3 O-O
9.h3 Bb7 10.d4 Qd7 11.Nbd2 Rae8 12.a4 Bd8 13.d5 Na5 14.Bc2 c6 15.axb5 axb5
16.b4 Nc4 17.Nxc4 bxc4 18.Ba4 Bb6 19.Nd2 Qc7 20.Nxc4 cxd5 21.Nxb6 Qxb6 22.Bxe8 Rxe8
23.Be3 Qc6 24.exd5 Nxd5 25.Qa4 Qxa4 26.Rxa4 Nxc3 27.Ra7 Bd5 28.Ra3 Rc8 29.Ra6 Rd8
30.Rea1 h6 31.Rb6 Bc4 32.Bd2 Ne4 33.Be1 d5 34.Rc1 Ng5 35.f4 exf4 36.Bh4 Bb3
37.Bxg5 hxg5 38.Rbc6 Kh7 39.Rb1 Ba4 40.b5 Rb8 41.Rc5 d4 42.Rb4 Ra8 43.Rxd4 Bb3
44.Rxg5 f6 45.Rc5 Ra1+ 46.Kh2 Ra2 47.Rxf4  1-0

[Event "EYCC Boys U12"]
[Site "Batumi GEO"]
[Date "2010.09.22"]
[Round "3"]
[White "Ali Marandi,C"]
[Black "Barsegyan,H"]
[Result "1/2-1/2"]
[WhiteElo "2180"]
[BlackElo "1950"]

1.e4 e5 2.Nf3 Nc6 3.Bb5 a6 4.Ba4 Nf6 5.O-O Be7 6.Re1 b5 7.Bb3 d6 8.c3 O-O
9.h3 Bb7 10.d4 Re8 11.Nbd2 Bf8 12.d5 Ne7 13.Nf1 h6 14.Ng3 c6 15.dxc6 Bxc6
16.Qe2 Ng6 17.Bc2 Qc7 18.Be3 Qb7 19.Nd2 d5 20.exd5 Nxd5 21.Bxg6 Nf4 22.Bxf7+ Qxf7
23.Bxf4 exf4 24.Nge4 Rad8 25.Qg4 Re6 26.f3  1/2-1/2

[Event "39th Olympiad Women"]
[Site "Khanty-Mansiysk RUS"]
[Date "2010.09.24"]
[Round "4"]
[White "Jennitha,A"]
[Black "Kovanova,B"]
[Result "0-1"]
[WhiteElo "1966"]
[BlackElo "2370"]

1.e4 e5 2.Nf3 Nc6 3.Bb5 a6 4.Ba4 Nf6 5.O-O Be7 6.Re1 b5 7.Bb3 d6 8.c3 O-O
9.h3 Bb7 10.d4 Nd7 11.Nbd2 exd4 12.cxd4 Bf6 13.Nf1 Na5 14.Bc2 Re8 15.Ng3 g6
16.Bh6 Nc4 17.Qc1 c5 18.b3 Na5 19.Qd2 Nc6 20.Be3 Nb4 21.Bb1 a5 22.a3 Nc6
23.Bc2 Rc8 24.Rac1 b4 25.a4 d5 26.Re2 cxd4 27.Nxd4 Nxd4 28.Bxd4 dxe4 29.Rce1 Rxc2
30.Qxc2 Bxd4 31.Nxe4 Bxe4 32.Rxe4 Rxe4 33.Rxe4 Nc5 34.Re2 Qd5 35.Qd2 Kg7
36.Qf4 Nxb3 37.Qc7 Bf6 38.Re3 Nd4 39.Kh2 Nf5 40.Re8 Qd6+ 41.Qxd6 Nxd6 42.Rb8 Ne4
43.Rb5 Nc3 44.Rxa5 Nb5  0-1

[Event "39th Olympiad Women"]
[Site "Khanty-Mansiysk RUS"]
[Date "2010.09.25"]
[Round "5"]
[White "Byun,S"]
[Black "Vilhete,V"]
[Result "0-1"]
[WhiteElo "1615"]
[BlackElo "1723"]

1.e4 e5 2.Nf3 Nc6 3.Bb5 a6 4.Ba4 Be7 5.O-O Nf6 6.Re1 b5 7.Bb3 O-O 8.c3 d6
9.h3 Bb7 10.d4 exd4 11.cxd4 Re8 12.Bc2 Nb4 13.Nbd2 Nxc2 14.Qxc2 c5 15.d5 Nd7
16.Nf1 Bf6 17.Ng3 Ne5 18.Qe2 Nxf3+ 19.Qxf3 Bxd5 20.Qd1 Bb7 21.Rb1 Bh4 22.Qg4 Bxg3
23.fxg3 Qf6 24.b3 Qd4+ 25.Kh2 Rxe4 26.Rxe4 Qxe4 27.Qxe4 Bxe4 28.Rb2 h6 29.Bf4 d5
30.Bd6 Rc8 31.Rd2 Rc6 32.Bf4 c4 33.b4 c3 34.Rd1 c2 35.Re1 Rc4 36.a3 Rd4 37.Ra1 Rd1
38.Bc1 d4  0-1

[Event "39th Olympiad Men"]
[Site "Khanty-Mansiysk RUS"]
[Date "2010.09.29"]
[Round "8"]
[White "Young,Al"]
[Black "Javed,Mohammad"]
[Result "1/2-1/2"]
[WhiteElo "2009"]
[BlackElo "2290"]

1.e4 e5 2.Nf3 Nc6 3.Bb5 a6 4.Ba4 Nf6 5.O-O Be7 6.Re1 b5 7.Bb3 d6 8.c3 O-O
9.h3 Bb7 10.d4 Re8 11.d5 Nb8 12.a4 Nbd7 13.Bc2 c6 14.dxc6 Bxc6 15.b4 Nb6
16.a5 Nc4 17.Nbd2 Rc8 18.Nxc4 bxc4 19.Ba4 Qd7 20.Bg5 Bxa4 21.Qxa4 Qxa4 22.Rxa4 d5
23.Bxf6 Bxf6 24.exd5 e4 25.Nd4 Rcd8 26.Raa1 Bxd4 27.cxd4 Rxd5 28.Red1 Red8
29.Kf1 f5 30.Rac1 Rxd4 31.Rxd4 Rxd4 32.Ke2 c3 33.Rxc3 Rxb4 34.Rc6 f4 35.Rxa6 Rb2+
36.Ke1 Ra2 37.Re6 Ra4 38.a6 Kf7 39.Rb6 Ra1+ 40.Ke2 Ra2+ 41.Ke1 g5 42.Rb4 e3
43.fxe3 fxe3 44.Re4 Rxa6 45.Rxe3 Ra2 46.Re2 Rxe2+ 47.Kxe2 Kf6 48.Kf3 Kf5
49.g3 h5 50.g4+ hxg4+ 51.hxg4+ Ke5 52.Ke3 Kd5 53.Kd3  1/2-1/2

[Event "39th Olympiad Women"]
[Site "Khanty-Mansiysk RUS"]
[Date "2010.09.29"]
[Round "8"]
[White "Dedijer,M"]
[Black "Fairley,N"]
[Result "1-0"]
[WhiteElo "1973"]
[BlackElo "1777"]

1.e4 e5 2.Nf3 Nc6 3.Bb5 a6 4.Ba4 Nf6 5.O-O b5 6.Bb3 Be7 7.Re1 d6 8.c3 O-O
9.h3 Bb7 10.d4 h6 11.Nbd2 Re8 12.a4 Bf8 13.d5 Nb8 14.Qe2 c6 15.dxc6 Bxc6
16.axb5 Bxb5 17.Bc4 Bxc4 18.Qxc4 Qc8 19.Qd3 Nbd7 20.b4 Nb6 21.Bb2 Qb7 22.Ra5 Ra7
23.Rea1 Rea8 24.Ne1 Nfd7 25.Nc2 Nb8 26.Ne3 Nc6 27.R5a2 g6 28.f3 Nb8 29.Ndc4 Nxc4
30.Nxc4 Qc7 31.Kh1 Rb7 32.Na5 Rb5 33.Nc4 Rb7 34.Rd1 Qd8 35.Qd5 Raa7 36.Ra5 Rd7
37.Rda1 Qc8 38.Nb6 Qb7 39.Nxd7 Qxd7 40.b5 Rb7 41.bxa6 Nxa6 42.Rxa6 Rxb2 43.Ra7 Qe8
44.Ra8 Rb8 45.Rxb8 Qxb8 46.Qa8 Qb2 47.Qa3 Qb7 48.Qb4 Qc8 49.Qb3 Qd8 50.Ra7 Qf6
51.Ra8 Qf4 52.Qd1 Qf6 53.Qd2 Kg7 54.Ra6 Qe6 55.Qd5 Qf6 56.c4 Qf4 57.Ra1 h5
58.Rd1 Qg5 59.Qd2 Qf6 60.Qf2 Qe6 61.Rd5 Qf6 62.g3 Qe6 63.Kg2 Qc8 64.Qe2 Qc7
65.f4 exf4 66.gxf4 Kh7 67.f5 Bg7 68.fxg6+ fxg6 69.Qd3 Be5 70.c5 Qe7 71.cxd6 Qg5+
72.Kf2 Qf4+ 73.Ke2 Qh2+ 74.Kd1 Qg1+ 75.Kc2 Qg2+ 76.Kb3 Qb2+ 77.Kc4 Qc1+ 78.Kb5 Qb2+
79.Kc6 Bf6 80.d7 Bd8 81.Rb5 Qf6+ 82.Qd6 Qc3+ 83.Kb7 Qxh3 84.Kc8 Qh4 85.Qe6 Be7
86.Qxe7+ Qxe7 87.d8=Q Qxe4 88.Rb7+ Kh6 89.Qd2+ g5 90.Qd6+  1-0

[Event "39th Olympiad Men"]
[Site "Khanty-Mansiysk RUS"]
[Date "2010.10.01"]
[Round "10"]
[White "Timofeev,Arty"]
[Black "Lopez Silva,H"]
[Result "1-0"]
[WhiteElo "2690"]
[BlackElo "2413"]

1.e4 e5 2.Nf3 Nc6 3.Bb5 a6 4.Ba4 Nf6 5.O-O b5 6.Bb3 Be7 7.Re1 d6 8.c3 O-O
9.h3 Bb7 10.d4 Re8 11.Nbd2 h6 12.a4 exd4 13.Nxd4 Bf8 14.Bc2 d5 15.Nxc6 Bxc6
16.e5 Ne4 17.Nf3 Bb7 18.Qe2 Bc5 19.Be3 Bxe3 20.Qxe3 c5 21.Rad1 Qc7 22.h4 Bc6
23.Nh2 bxa4 24.Ng4 h5 25.Bxe4 hxg4 26.Bxd5 Bxd5 27.Rxd5 Qb7 28.Rd2 Qc7 29.Qf4 Rab8
30.Re3 Rb6 31.h5 Rh6 32.Qg5 Kh8 33.Qf5 Rhe6 34.Qxg4 Rxe5 35.Rd7 Qc8 36.h6 g5
37.Qf3 f5 38.Rxe5 Qxd7  1-0

[Event "39th Olympiad Men"]
[Site "Khanty-Mansiysk RUS"]
[Date "2010.10.01"]
[Round "10"]
[White "Rooze,J"]
[Black "Han,Da"]
[Result "1-0"]
[WhiteElo "2288"]
[BlackElo "2200"]

1.e4 e5 2.Nf3 Nc6 3.Bb5 a6 4.Ba4 Nf6 5.O-O Be7 6.Re1 b5 7.Bb3 O-O 8.h3 d6
9.c3 Bb7 10.d4 Re8 11.Nbd2 Bf8 12.d5 Na5 13.Bc2 c6 14.b4 Nc4 15.Nxc4 bxc4
16.dxc6 Bxc6 17.Bg5 h6 18.Bxf6 Qxf6 19.Ba4 Bb5 20.Bxb5 axb5 21.a4 bxa4 22.Rxa4 Qe6
23.Qa1 Rac8 24.Ra5 g6 25.Re2 Qd7 26.Rea2 Be7 27.Qd1 Qc6 28.Nd2 Red8 29.Ra6 Qd7
30.Qe2 d5 31.Ra7 Qe6 32.exd5 Rxd5 33.Nxc4 Bxb4 34.R2a6 Bd6 35.Nb6 Rxc3 36.Nxd5 Qxd5
37.Rd7 Rc1+ 38.Kh2 e4+ 39.Raxd6  1-0

[Event "39th Olympiad Men"]
[Site "Khanty-Mansiysk RUS"]
[Date "2010.10.03"]
[Round "11"]
[White "Khatanbaatar,B"]
[Black "Irwanto,S"]
[Result "1/2-1/2"]
[WhiteElo "2392"]
[BlackElo "2419"]

1.e4 e5 2.Nf3 Nc6 3.Bb5 a6 4.Ba4 Nf6 5.O-O Be7 6.Re1 b5 7.Bb3 d6 8.c3 O-O
9.h3 Bb7 10.d4 Re8 11.Ng5 Rf8 12.Nf3 h6 13.Nbd2 Re8 14.a3 Bf8 15.d5 Nb8 16.Nh2 Nbd7
17.Ba2 c6 18.dxc6 Bxc6 19.Qf3 Qc8 20.Ng4 Qb7 21.Qg3 Nxg4 22.hxg4 Nc5 23.f3 Nd3
24.Rd1 Nf4 25.Qe1 Rad8 26.Nf1 d5 27.exd5 Nxd5 28.Ng3 Nf4 29.Rxd8 Rxd8 30.Ne4 Bxe4
31.fxe4 Bc5+ 32.Kh2 Nd3 33.Qe2 Qe7 34.g3 Nxc1 35.Rxc1 Qg5 36.Rd1 Rxd1 37.Qxd1 Qe3
38.Qf1 Qd2+ 39.Kh3 Bf2 40.Kg2 Be1+ 41.Kh3 Bf2 42.Kg2 Be1+ 43.Kh3 Bf2 44.Kg2  1/2-1/2

[Event "Tatry Open"]
[Site "Tatranske Zruby CZE"]
[Date "2010.10.04"]
[Round "3"]
[White "Kriebel,T"]
[Black "Burdik,L"]
[Result "1-0"]
[WhiteElo "2299"]
[BlackElo "2215"]

1.e4 e5 2.Nf3 Nc6 3.Bb5 a6 4.Ba4 Nf6 5.O-O Be7 6.Re1 b5 7.Bb3 d6 8.c3 O-O
9.h3 Bb7 10.d4 Re8 11.a4 Bf8 12.Ng5 Re7 13.d5 Nb8 14.c4 h6 15.Nf3 bxc4 16.Bxc4 c6
17.Nc3 cxd5 18.Bxd5 Nc6 19.Nh4 Nb4 20.Nf5 Nfxd5 21.exd5 Rc7 22.Nxh6+ Kh7
23.Ng4 f5 24.Nh2 g6 25.Nf3 Be7 26.Qd2 Qf8 27.a5 Bf6 28.Ra4 e4 29.Nd4 Bxd4
30.Qxd4 Nd3 31.Rd1 Rc5 32.Be3 Rac8 33.Rxd3 exd3 34.Qh4+ Kg8 35.Bxc5 Rxc5
36.Rb4 Bxd5 37.Nxd5 d2 38.Ne3  1-0

[Event "Guernsey Open"]
[Site "Grand Havre Bay GBG"]
[Date "2010.10.21"]
[Round "5"]
[White "Casiot,D"]
[Black "Cummins,J"]
[Result "1-0"]
[WhiteElo "2130"]
[BlackElo "1882"]

1.e4 e5 2.Nf3 Nc6 3.Bb5 a6 4.Ba4 Nf6 5.O-O b5 6.Bb3 Be7 7.Re1 O-O 8.c3 d6
9.h3 Bb7 10.d4 Qc8 11.Nbd2 h6 12.Nf1 Bd8 13.Ng3 Re8 14.d5 Ne7 15.Bd2 c5 16.c4 Qc7
17.Qc1 Kh7 18.Qc3 Bc8 19.Rad1 Ng6 20.Bc1 Be7 21.Nf5 Bf8 22.g4 Nf4 23.Bxf4 exf4
24.e5 dxe5 25.d6 Qb7 26.Rxe5 Bxf5 27.Rxf5 Ne4 28.Qd3 g6 29.Rxf4 Nxd6 30.cxb5 c4
31.Bxc4 Nxc4 32.Qxc4 Re7 33.Qc6 Qxb5 34.Qxb5 axb5 35.a3 Kg7 36.Rd5 Rb8 37.b4 Rc7
38.Rd3 Kg8 39.Rfd4 Kg7 40.Rd5 Rcb7 41.Nd4 Kg8 42.Kg2 Bg7 43.f4 Bf6 44.Kf3 Kh7
45.f5 g5 46.Ke2 Kg8 47.Kd2 Kg7 48.Kc2 Kh7 49.Kb3 Kg8 50.Nc6 Rc8 51.Rd6 Kg7
52.Nd4 Rcb8 53.Rd5 Kh7 54.Nc2 Rc8 55.Rc5 Rcb8 56.Rdd5 Be7 57.Rc6 Kg7 58.Nd4 Bf8
59.Nf3 Ra8 60.Nd4 Rab8 61.Ra6 Re7 62.f6+  1-0

[Event "Unive Open"]
[Site "Hoogeveen NED"]
[Date "2010.10.24"]
[Round "3"]
[White "Matsenko,S"]
[Black "Nijboer,F"]
[Result "1/2-1/2"]
[WhiteElo "2461"]
[BlackElo "2582"]

1.e4 e5 2.Nf3 Nc6 3.Bb5 a6 4.Ba4 Nf6 5.O-O Be7 6.Re1 b5 7.Bb3 d6 8.c3 O-O
9.h3 Bb7 10.d4 Re8 11.Ng5 Rf8 12.Nf3 Re8 13.Nbd2 Bf8 14.a3 h6 15.Bc2 Nb8
16.b4 Nbd7 17.Bb2 Nb6 18.dxe5 dxe5 19.c4 c5 20.bxc5 Nbd7 21.cxb5 axb5 22.Qe2 Bxc5
23.Nb3 Qb6  1/2-1/2

[Event "14th OIBM"]
[Site "Bad Wiessee GER"]
[Date "2010.11.07"]
[Round "9.5"]
[White "Azarov,S"]
[Black "Schneider,Il"]
[Result "1-0"]
[WhiteElo "2596"]
[BlackElo "2519"]

1.e4 e5 2.Nf3 Nc6 3.Bb5 a6 4.Ba4 Nf6 5.O-O Be7 6.Re1 b5 7.Bb3 d6 8.c3 O-O
9.h3 Bb7 10.d4 Re8 11.Nbd2 Bf8 12.a3 g6 13.Ba2 Bg7 14.d5 Nb8 15.b4 c6 16.c4 cxd5
17.cxd5 a5 18.Nb3 axb4 19.axb4 Ra4 20.Na5 Ba8 21.Bd2 Na6 22.Nc6 Bxc6 23.dxc6 Nxb4
24.Bxf7+ Kxf7 25.Qb3+ d5 26.Bxb4 Nxe4 27.c7 Qa8 28.Rad1 Nf6 29.Rxe5 Ra1 30.Ng5+ Kg8
31.Rxe8+ Nxe8 32.c8=Q  1-0

[Event "TCh-SWE Elitserien 2010-11"]
[Site "Sweden SWE"]
[Date "2010.11.13"]
[Round "4"]
[White "Agrest,I"]
[Black "Dalmau,Jo"]
[Result "1-0"]
[WhiteElo "2161"]
[BlackElo "2138"]

1.e4 e5 2.Nf3 Nc6 3.Bb5 a6 4.Ba4 Nf6 5.O-O Be7 6.Re1 b5 7.Bb3 d6 8.c3 O-O
9.h3 Bb7 10.d4 Re8 11.Nbd2 Bf8 12.a4 h6 13.Bc2 exd4 14.cxd4 Nb4 15.Bb1 c5
16.d5 Nd7 17.Nh2 f5 18.f3 c4 19.Ndf1 Nc5 20.Ng3 f4 21.Bxf4 Nbd3 22.Bd2 Nxe1
23.Bxe1 Nxa4 24.Ng4 Nxb2 25.Qd4 Nd3 26.Bxd3 cxd3 27.Bc3 Qc7 28.Qxd3 Rec8
29.Bd4 Qc2 30.Qe3 b4 31.Qf4 Rc7 32.Nf5 Qd3 33.Qg3 Kh7 34.Bb6 Rd7 35.Nfxh6 Qc3
36.Rd1 gxh6 37.Bd4 Bg7 38.Bxc3 bxc3 39.Qf4 Rc7 40.Qf5+ Kh8 41.Nf6 Bxf6 42.Qxf6+ Kh7
43.Qxd6 Rac8 44.Qf6 c2 45.Rc1 Rg7 46.d6 Rc6 47.Qf5+ Kg8 48.Qd5+ Kh7 49.d7  1-0

[Event "16th Asian Games Rapid Women"]
[Site "Guangzhou CHN"]
[Date "2010.11.14"]
[Round "3"]
[White "Byun,S"]
[Black "Uchida,N"]
[Result "0-1"]
[WhiteElo "1612"]
[BlackElo "1834"]

1.e4 e5 2.Nf3 Nc6 3.Bb5 a6 4.Ba4 Nf6 5.O-O Be7 6.Re1 b5 7.Bb3 d6 8.c3 O-O
9.h3 Bb7 10.d4 Re8 11.d5 Nb8 12.Nbd2 Nbd7 13.Nf1 Nc5 14.Bc2 c6 15.dxc6 Bxc6
16.Ng3 g6 17.Bg5 Qc7 18.Rb1 Rad8 19.Qc1 Ne6 20.Bb3 Nc5 21.Bc2 Ne6 22.Bb3 Nxg5
23.Nxg5 d5 24.Qe3 h6 25.exd5 Nxd5 26.Ne6 fxe6 27.Qxh6 Bf6 28.Qxg6+ Qg7 29.Qxg7+ Bxg7
30.Nh5 Bh8 31.Re4 Kf7 32.Rg4 Rg8 33.Rxg8 Rxg8 34.Ng3 Nf4 35.Rd1 Ke7 36.c4 Bxg2
37.cxb5 axb5 38.a4 bxa4 39.Bxa4 Bd5 40.Kh2 e4 41.Rc1 Be5 42.Re1 Nh5 43.Re3 Nf4
44.Bc2 Bd4 45.Re1 Bxf2 46.Ra1 Bxg3+ 47.Kg1 Nxh3+ 48.Kf1 Bc4+ 49.Kg2 Nf4+
50.Kh1 e3 51.Ra7+ Kf6  0-1

[Event "60th ch-RUS w"]
[Site "Moscow RUS"]
[Date "2010.11.17"]
[Round "2"]
[White "Kosintseva,N"]
[Black "Shadrina,T"]
[Result "1-0"]
[WhiteElo "2576"]
[BlackElo "2384"]

1.e4 e5 2.Nf3 Nc6 3.Bb5 a6 4.Ba4 Nf6 5.O-O Be7 6.Re1 b5 7.Bb3 d6 8.c3 O-O
9.h3 Bb7 10.d4 Re8 11.Nbd2 Bf8 12.a3 h6 13.d5 Nb8 14.Nh2 Nbd7 15.Qf3 Nc5
16.Ba2 c6 17.dxc6 Bxc6 18.Ng4 Ra7 19.Nf1 Nxg4 20.hxg4 Rd7 21.b4 Na4 22.g5 hxg5
23.Qh5 d5 24.Bxg5 Be7 25.exd5 Bxd5 26.Bxd5 Rxd5 27.Ne3 Rd2 28.Bxe7 Qxe7 29.c4 Nb2
30.cxb5 axb5 31.Re2 Red8 32.Rxd2 Rxd2 33.Rc1 Qe6 34.Qg5 f6 35.Qg6 Nc4 36.Nf5 Qd7
37.Rc3 Nd6 38.Nh6+ Kf8 39.Qh7 Ne8 40.Rg3 Qe6 41.Nf5 Rd7 42.Rc3 Qg8 43.Qg6 Qf7
44.Qg4 Qd5 45.Kh2 Qd2 46.Rc8 Qxf2 47.Qh5 Qf4+ 48.Kg1 Rd1+ 49.Qxd1 Qxf5 50.Qd6+ Kf7
51.Qd5+ Kf8 52.Rc1 Qf4 53.Qc5+ Kf7 54.Rf1 Qe4 55.Rd1 Qe2 56.Qd5+ Kf8 57.Qc5+ Kf7
58.Rf1 Qd3 59.Rf3 Qd1+ 60.Kh2 e4 61.Rg3 Nd6 62.Qc7+ Ke6 63.Qxg7 Qh5+ 64.Rh3 Qe5+
65.Qg3 Qd4 66.Rh5 Nf7 67.Qg4+ Kd6 68.Rxb5 Ne5 69.Qf4 Ke6 70.Ra5 Qd3 71.b5 e3
72.Ra6+ Kd5 73.Ra8 Kc5 74.Qb4+ Kb6 75.Qa5+ Kc5 76.Qc7+ Kd4 77.Rd8+ Ke4 78.Rxd3 e2
79.Qc2 Ng4+ 80.Kh3 Nf2+ 81.Kh4  1-0

[Event "60th ch-RUS w"]
[Site "Moscow RUS"]
[Date "2010.11.21"]
[Round "6"]
[White "Paikidze,N"]
[Black "Shadrina,T"]
[Result "1-0"]
[WhiteElo "2401"]
[BlackElo "2384"]

1.e4 e5 2.Nf3 Nc6 3.Bb5 a6 4.Ba4 Nf6 5.O-O Be7 6.Re1 b5 7.Bb3 d6 8.c3 O-O
9.h3 Bb7 10.d4 Re8 11.Nbd2 Bf8 12.a4 h6 13.d5 Ne7 14.Nh2 Qd7 15.Ndf1 c6 16.Ng4 Nxg4
17.hxg4 cxd5 18.exd5 Ng6 19.Ne3 e4 20.Bc2 Re5 21.axb5 axb5 22.Rxa8 Bxa8 23.b3 Bb7
24.c4 Re8 25.Bb2 Nh4 26.Qd4 h5 27.Nf5 Nxf5 28.gxf5 Qxf5 29.Bxe4 Qd7 30.Re3 bxc4
31.bxc4 Qd8 32.Qd1 f5 33.Bxf5 Rxe3 34.Qxh5 Re1+ 35.Kh2 Be7 36.Qh7+ Kf7 37.Qxg7+ Ke8
38.Qg8+  1-0

[Event "TCh-NED"]
[Site "Netherlands NED"]
[Date "2010.12.11"]
[Round "4.6"]
[White "Burg,T"]
[Black "Van der Werf,M"]
[Result "0-1"]
[WhiteElo "2455"]
[BlackElo "2432"]

1.e4 e5 2.Nf3 Nc6 3.Bb5 a6 4.Ba4 Nf6 5.O-O Be7 6.Re1 b5 7.Bb3 d6 8.c3 O-O
9.h3 Bb7 10.d4 Re8 11.Ng5 Rf8 12.Nf3 Re8 13.Nbd2 Bf8 14.d5 Nb8 15.Nf1 Nbd7
16.N3h2 Nc5 17.Bc2 c6 18.b4 Ncd7 19.dxc6 Bxc6 20.Bg5 Be7 21.Bxf6 Nxf6 22.Ng4 d5
23.Nxe5 Bb7 24.Nxf7 Kxf7 25.e5 Ne4 26.Bb3 Kg6 27.Ne3 Bh4 28.Nxd5 Bxf2+ 29.Kf1 Bxe1
30.Nf4+ Kf5 31.Qg4+ Kxe5 32.Rxe1 Qf6 33.Kg1 Rad8 34.Rf1 Qg5 35.Qf3 Rf8 36.Nd3+ Kd6
37.Nf4 Rxf4 38.Qxf4+ Qxf4 39.Rxf4 Nxc3 40.Rf7 Rd7 41.Rf1 Nd5 42.a3 Ke5  0-1

[Event "17th Open A"]
[Site "Zadar CRO"]
[Date "2010.12.13"]
[Round "2.18"]
[White "Zufic,M"]
[Black "Lekic,Du"]
[Result "0-1"]
[WhiteElo "2442"]
[BlackElo "2378"]

1.e4 e5 2.Nf3 Nc6 3.Bb5 a6 4.Ba4 Nf6 5.O-O Be7 6.Re1 b5 7.Bb3 O-O 8.h3 d6
9.c3 Bb7 10.d4 Re8 11.Nbd2 Bf8 12.d5 Nb8 13.Nf1 Nbd7 14.Ng3 Nc5 15.Bc2 c6
16.b4 Ncd7 17.dxc6 Bxc6 18.Bb3 h6 19.Nh2 Rc8 20.Ng4 Nb6 21.Qf3 Bd7 22.Nf5 Nxg4
23.Bxf7+ Kxf7 24.Nxh6+ Kg6 25.Qf7+ Kh7 26.Qg8+ Kg6 27.Nf7 Qh4 28.Nh8+ Qxh8
29.Qxh8 Be7 30.Qxe8+ Bxe8 31.hxg4 Rxc3 32.Be3 Nc4 33.Rac1 Rxc1 34.Bxc1 d5
35.exd5 Bxb4 36.Rd1 Bc5 37.Kf1 Bd7 38.f3 b4 39.g3 a5 40.Kg2 a4 41.Re1 b3
42.axb3 axb3 43.Re4 b2 44.Bxb2 Nxb2 45.Rxe5 Nc4 46.Re2 Bb5 47.Re6+ Kf7 48.Re4 Nb6
49.g5 Nxd5 50.Re5 Bc6 51.Kh3 Bd6 52.Re1 Bd7+ 53.Kh2 Kg6 54.Rd1 Be6 55.f4 Bxf4
56.gxf4 Nxf4 57.Ra1 Kxg5 58.Kg3 Kf5 59.Kf3 Bd5+ 60.Kf2 g6 61.Ra4 g5 62.Rb4 g4
63.Ra4 Bb3 64.Rb4 Bd5 65.Rb8 Kg5 66.Rf8 Ng6  0-1

[Event "17th Open A"]
[Site "Zadar CRO"]
[Date "2010.12.15"]
[Round "6.2"]
[White "Brkic,A"]
[Black "Saric,Iv"]
[Result "0-1"]
[WhiteElo "2564"]
[BlackElo "2574"]

1.e4 e5 2.Nf3 Nc6 3.Bb5 a6 4.Ba4 Nf6 5.O-O Be7 6.Re1 b5 7.Bb3 d6 8.c3 O-O
9.h3 Bb7 10.d4 Re8 11.Nbd2 Bf8 12.d5 Nb8 13.Nf1 Nbd7 14.N3h2 a5 15.Qf3 h6
16.Be3 c6 17.dxc6 Bxc6 18.Ng3 a4 19.Bc2 a3 20.b4 d5 21.Rad1 dxe4 22.Nxe4 Bxe4
23.Bxe4 Nxe4 24.Qxe4 Nf6 25.Qf3 Qe7 26.Bd4 Nd7 27.Ng4 Qe6 28.Rd2 Rad8 29.Qb7 h5
30.Nxe5 Nxe5 31.Rxe5 Qxe5 32.Bxe5 Rxd2 33.Qxb5 Rxe5  0-1

[Event "48th ch-IND"]
[Site "New Delhi IND"]
[Date "2010.12.21"]
[Round "12"]
[White "Prathamesh,S"]
[Black "Babu,NS"]
[Result "1-0"]
[WhiteElo "2408"]
[BlackElo "2318"]

1.e4 e5 2.Nf3 Nc6 3.Bb5 a6 4.Ba4 Nf6 5.O-O Be7 6.Re1 b5 7.Bb3 d6 8.c3 O-O
9.h3 Bb7 10.d4 Re8 11.Nbd2 Bf8 12.a3 g6 13.Ba2 Bg7 14.b4 a5 15.Ng5 Rf8 16.a4 axb4
17.axb5 bxc3 18.bxc6 cxd2 19.Bxd2 Bxc6 20.dxe5 dxe5 21.Nxf7 Rxf7 22.Bxf7+ Kxf7
23.Qb3+ Bd5 24.exd5 Rxa1 25.d6+ Kf8 26.Rxa1 Qxd6 27.Bb4 c5 28.Ra7 Nd7  1-0

[Event "Hastings Masters 2010-11"]
[Site "Hastings ENG"]
[Date "2010.12.30"]
[Round "3.24"]
[White "Flynn,D"]
[Black "Ramondino,R"]
[Result "0-1"]
[WhiteElo "2061"]
[BlackElo "2257"]

1.e4 e5 2.Nf3 Nc6 3.Bb5 a6 4.Ba4 Nf6 5.O-O Be7 6.Re1 b5 7.Bb3 d6 8.c3 O-O
9.h3 Bb7 10.d4 Na5 11.Bc2 c5 12.d5 Bc8 13.a4 Rb8 14.Qe2 Bd7 15.b4 cxb4 16.cxb4 Nc4
17.a5 Qc7 18.Bb3 Rfc8 19.Ra2 g6 20.Bg5 Qd8 21.Bxf6 Bxf6 22.Rc2 Rc7 23.Rec1 Bg5
24.Nxg5 Qxg5 25.Kh1 f5 26.Qe1 f4 27.Bxc4 bxc4 28.Nd2 Rbc8 29.f3 Bb5 30.Rc3 h5
31.Qe2 Qh4 32.Qe1 Qd8 33.Qe2 g5 34.Nxc4 Qd7 35.Qa2 g4 36.Kh2 g3+ 37.Kh1 Bxc4
38.Rxc4 Qb5 39.Rxc7 Rxc7 40.Rd1 Qxb4 41.Kg1 Qd4+  0-1

[Event "ch-Antalya 2011"]
[Site "Antalya TUR"]
[Date "2011.01.08"]
[Round "2.1"]
[White "Arat,Uf"]
[Black "Tahan,U"]
[Result "1-0"]
[WhiteElo "2028"]
[BlackElo "1720"]

1.e4 e5 2.Nf3 Nc6 3.Bb5 a6 4.Ba4 Nf6 5.O-O Be7 6.Re1 b5 7.Bb3 d6 8.c3 O-O
9.h3 Bb7 10.d4 Re8 11.Nbd2 Bf8 12.a4 Qd7 13.d5 Nd8 14.Nf1 h6 15.Ng3 c6 16.Be3 cxd5
17.exd5 Rc8 18.Qd2 Ba8 19.axb5 axb5 20.Ra7 Nb7 21.Bc2 Rb8 22.Rea1 Qd8 23.b4 Nd7
24.R1a6 Rc8 25.Bf5 Qe7 26.Qa2 Qd8 27.Bxd7 Qxd7 28.Rxa8 f5 29.Bd2 e4 30.Nd4 g6
31.Rxc8 Rxc8 32.Ra8 Bg7 33.Nxb5 Rxa8 34.Qxa8+ Kh7 35.c4 Be5 36.Qb8 Nd8 37.Qc7 Qxc7
38.Nxc7 Bd4 39.Ne2 Bb6 40.Nb5 Nb7 41.Bf4 g5 42.Bxd6  1-0

[Event "9th Parsvnath Open"]
[Site "New Delhi IND"]
[Date "2011.01.09"]
[Round "3.18"]
[White "Prince,Ba"]
[Black "Joshi,Abhijeet"]
[Result "0-1"]
[WhiteElo "2186"]
[BlackElo "1993"]

1.e4 e5 2.Nf3 Nc6 3.Bb5 a6 4.Ba4 Nf6 5.O-O Be7 6.Re1 b5 7.Bb3 d6 8.c3 O-O
9.h3 Bb7 10.d4 Re8 11.Nbd2 Bf8 12.Bc2 g6 13.a4 exd4 14.cxd4 Nb4 15.Bb1 c5
16.d5 Bg7 17.Nf1 Nd7 18.axb5 axb5 19.Rxa8 Qxa8 20.Bf4 Ne5 21.Nxe5 Bxe5 22.Bxe5 Rxe5
23.Nh2 Bc8 24.Nf3 Re8 25.Qd2 Kg7 26.Qf4 Qb8 27.g4 Qc7 28.Kg2 Qd7 29.Rh1 f6
30.g5 Rf8 31.Qh4 Qe7 32.Qg3 Bd7 33.h4 f5 34.exf5 Bxf5 35.Bxf5 Rxf5 36.Re1 Qd7
37.Nd2 Nxd5 38.Ne4 Nf4+ 39.Kg1 Qe6 40.Re3 Qd5 41.Nc3 Qb7 42.Re4 Qxe4 43.Nxe4 Ne2+
44.Kg2 Nxg3 45.Nxd6 Nh5  0-1

[Event "9th Parsvnath Open"]
[Site "New Delhi IND"]
[Date "2011.01.10"]
[Round "5"]
[White "Sangma,R"]
[Black "Joshi,Abhijeet"]
[Result "1-0"]
[WhiteElo "2386"]
[BlackElo "1993"]

1.e4 e5 2.Nf3 Nc6 3.Bb5 a6 4.Ba4 Nf6 5.O-O Be7 6.Re1 b5 7.Bb3 d6 8.c3 O-O
9.h3 Bb7 10.d4 Re8 11.Nbd2 Bf8 12.d5 Nb8 13.Nf1 c6 14.Bg5 Nbd7 15.Ne3 Qc7
16.dxc6 Bxc6 17.Bxf6 Nxf6 18.Nd5 Bxd5 19.Bxd5 Rac8 20.Qb3 Nxd5 21.Qxd5 Qc5
22.Red1 Be7 23.Qxc5 Rxc5 24.Ne1 g6 25.f3 f5 26.Nd3 Rc4 27.exf5 gxf5 28.Nb4 a5
29.Nd5 Kf7 30.Ne3 Rf4 31.Kf2 e4 32.Nd5 Rh4 33.Nxe7 Kxe7 34.Rd5 b4 35.Rxf5 bxc3
36.bxc3 Rc8 37.Re1 Rxc3 38.Rxa5 Rc2+ 39.Kg3 Rh6 40.Rxe4+ Kd7 41.Rg4 Kc6 42.a4 Re6
43.Ra8 Ra2 44.a5 Ree2 45.Kh2 Kb7 46.Rag8 Rxa5 47.R8g7+ Kc6 48.Rxh7 Raa2 49.h4 Rf2
50.Kh3 Rf1 51.h5 Rh1+ 52.Kg3 Ra5 53.h6 Rah5 54.Rg6 Kc5 55.Rc7+  1-0